Popcorn a colazione /

Gespeichert in:
Bibliographische Detailangaben
1. Verfasser: Cunningham, Laura (Verfasst von)
Weitere Verfasser: Petrelli, Alessandra, (1965- )
Format: Buch
Sprache:Italienisch
Veröffentlicht: °Milano! : Sperling & Kupfer, °2003!
Schriftenreihe:Lampi
Tags: Tag hinzufügen
Keine Tags, Fügen Sie das erste Tag hinzu!

MARC

LEADER 00000nam a22000007i 4500
001 IT\ICCU\MOD\0774476
003 ItRI
005 20251028182240.0
008 030130s2003 it |||||| ||||| |||||c
020 |a 8820034581 
040 |b ita  |c ct 
041 7 |a ita  |2 ISO-639-2 
100 1 |a Cunningham, Laura  |0 IT\ICCU\MODV\254269  |4 aut 
240 1 0 |a Sleeping arrangements.  |9 Cunningham, Laura 
245 1 0 |a Popcorn a colazione /  |c Laura Cunningham ; traduzione di Alessandra Petrelli. 
260 |a °Milano! :  |b Sperling & Kupfer,  |c °2003! 
300 |a 258 p. ;  |c 19 cm. 
700 1 |a Petrelli, Alessandra,  |d  (1965- )  |0 IT\ICCU\CFIV\119747 
830 0 |a Lampi  |0 IT\ICCU\FER\0181958 
942 |2 ddc  |c BK 
952 |0 0  |1 0  |2 ddc  |4 0  |6 813_500000000000000_CUN_POP  |7 1  |9 280  |a GE  |b GE  |d 2015-11-30  |l 0  |o 813.5 CUN POP  |p 2701  |r 2023-11-19 22:17:34  |w 2023-11-19  |y BK 
999 |c 207  |d 207